000 01417nam a2200337 c 4500
003 BLK
005 20231014164909.0
008 180411b bul|||||r ||||||| ||bul||
010 _aKNG00180524000
040 _aBLK
041 _aBUL
_cBUL
080 _aРоботи. Манипулатори. Промишлени роботи
_b621.865
_x
_z621.865
100 1 _aПотър, Тони
_eпърви автор
_9339177
700 1 _aГилд, Айвър
_eсъавт.
_954057
700 1 _aПетровска, Янка
_eпрев. от англ.
_9297720
139 _aПотър, Тони
_bП 80
245 1 0 _aРоботите
_bКакво могат и как работят : Направете си свой микроробот
_cТони Потър; съавт. Айвър Гилд; прев. от англ. Янка Петровска.
257 _aGBR
260 София
_bТехника
_c1989
300 _a51 с.
_bс цв. ил., сх.
_c24 см
380 _a62
500 _aАвт. не са отбелязани на кор. - Ориг. загл. Robotics / Tony Pottor, Ivor Guild. - Офс. изд.
650 4 _aРоботи
_9169567
653 _aроботи
852 _aЦб 161364
856 4 _qpdf
_u
856 4 _qpdf
_u
942 _cKNG
_n0
_02
944 _aCR
_c27.08.2015
_k30550
_lКети Илиева
944 _aED
_c27.09.2017
_kВася_Ганчева
999 _c172215
_d172215